• 首页
  • 本馆介绍
  • 公告通知
  • 最新文献
  • 馆藏检索
  • 电子资源
  • 读者导购
  • 参考咨询
  • 我的图书馆
  • 登录
  • 详细信息显示
  • 放入我的书架
  • 预约/预借图书
  • 作者相关作品
  • 分类相关作品
  • 丛书相关作品
  • 出版社相关作品

书目信息

  • 表格格式
  • 工作单格式
  • 卡片格式
题名:
CRISPR基因编辑技术
    
 
作者: 刘世利 主编
分册:  
出版信息: 北京   化学工业出版社  2021
页数: 254页
开本: 24cm
丛书名:
单 册:
中图分类: Q78
科图分类:
主题词: 基因工程
电子资源:
ISBN: 978-7-122-37533-9
000 01009nam0 2200229 450
001 2269557715
005 20221012191941.30
010    @a978-7-122-37533-9@b精装@dCNY99.00
100    @a20210128d2021 em y0chiy50 ea
101 0  @achi
102    @aCN@b110000
105    @aa z 000yy
200 1  @aCRISPR基因编辑技术@9CRISPR ji yin bian ji ji shu@dCrispr gene editing technology@f刘世利主编@zeng
210    @a北京@c化学工业出版社@d2021
215    @a254页@c图@d24cm
330    @a本书由山东大学、北京大学、清华大学、浙江大学、四川大学、中国科学院生物物理研究所、中国医学科学院、中国农业科学院等高校和科研院所的一线专家联合编写,系统介绍CRISPR这一基因编辑技术的发展史、研究进展、结构组成、表观编辑、脱靶效应、脱靶检测方法、实验方案、实验模型和递送系统,以及该技术在微生物学、免疫学、疾病治疗和传染病核酸检测中的应用。
510 1  @aCrispr gene editing technology@zeng
606 0  @a基因工程
690    @aQ78@v5
701  0 @a刘世利@9liu shi li@4主编
801  0 @aCN@b91MARC@c20210317
905    @aZUCC@dQ78@e12
    
    CRISPR基因编辑技术=Crispr gene editing technology/刘世利主编.-北京:化学工业出版社,2021
    254页:图;24cm
    
    
    ISBN 978-7-122-37533-9(精装):CNY99.00
    本书由山东大学、北京大学、清华大学、浙江大学、四川大学、中国科学院生物物理研究所、中国医学科学院、中国农业科学院等高校和科研院所的一线专家联合编写,系统介绍CRISPR这一基因编辑技术的发展史、研究进展、结构组成、表观编辑、脱靶效应、脱靶检测方法、实验方案、实验模型和递送系统,以及该技术在微生物学、免疫学、疾病治疗和传染病核酸检测中的应用。
●
相关链接 在五车中查询图书 在当当中查询图书 在豆瓣中查询图书


正题名:CRISPR基因编辑技术     索取号:Q78/12         预约/预借

序号 登录号 条形码 馆藏地/架位号 状态 备注
1 2000913976   2000913976   第三书库/ [索取号:Q78/12] 在馆    
2 2000913977   2000913977   第三书库/ [索取号:Q78/12] 在馆    
3 2000913978   2000913978   第三书库/ [索取号:Q78/12] 在馆    
山东省滨州职业学院图书馆 欢迎您!
大连网信软件有限公司© 版权所有